00470nam a2200157Ia 4500008004100000020001800041082001800059100002500077245007000102250000800172260004100180300003200221500001900253600002000272650002000292240925s9999 xx 000 0 und d a9781118002742 a363.25963 BIE aBiegelman, Martin T. 0aFaces of Fraud: cases and lessons from a life fighting fraudsters a1st aNew York:bJohn Wiley & Sonsc,2013. aVarious pagesbNAfOriginal aIncludes Index aSocial Sciences aSocial Sciences